| 000 | 00460nam a2200157Ia 4500 | ||
|---|---|---|---|
| 005 | 20250323150506.0 | ||
| 008 | 240331s9999 xx 000 0 und d | ||
| 020 | _a9558564001 | ||
| 082 |
_bPUS _a894 |
||
| 100 | _aPushparatnam, P | ||
| 245 | 0 | _aPandaya ilankaiyil thamilum thamilarum | |
| 260 |
_aColombo _bColombo Tamil Sangam _c2001 |
||
| 300 | _a120 p ., | ||
| 500 | _aKalvettukkalin eluthum molzhium matrum pandaiya tamilarum tamil panpaadum | ||
| 942 | _cL | ||
| 999 |
_c4158 _d4158 |
||